000 01160nam a22002417a 4500
005 20240305165552.0
007 cr|||| ||||
008 201112s2020 es |||||s|||| 00||0 spa d
020 _a978-84-1324-743-4
035 _a32117
040 _avLex
090 _c10847
_d10847
100 1 _aOtero García-Castrillón, Carmen
245 1 0 _aEjecución de decisiones relativas a deudas monetarias en la Unión Europea Experiencia española y adopción de decisiones informadas
_h[Recurso electrónico] /
_cCarmen Otero García-Castrillón
256 _aServicio en línea
260 _aMadrid:
_bDykinson,
_c2020
300 _a1 recurso electrónico
506 1 _aDisponible solo en los productos indicados
_dvLex Global
_dvLex Global (Academic Edition, excluding Law Schools)
_dvLex Global (U.S. Academic Edition, Law Schools)
_dvLex Global (U.S. Academic Edition, excluding Law Schools)
_dvLex Global (Academic Edition, Law Schools)
650 0 4 _aDerecho Comunitario
_zEspaña
740 0 _avLex Libros (Servicio en línea)
856 4 0 _uhttps://app.vlex.com/#/sources/ejecucion-decisiones-relativas-deudas-monetarias-union-europea-32117
942 _cRAA
999 _c169083
_d169083